00477nmm a2200145Ia 4500008004100000020001800041041000800059100001900067245009300086264005200179300001800231490001100249650002000260856005100280251105s9999||||xx |||||||||||||||||und|| a9788416072453 aspa aMishra, Pankaj 0aDe las ruinas de los imperios : la rebelión contra Occidente y la metamorfosis de Asia a[Madrid, España] :bGalaxia Gutenberg, c2014 a530 páginas aEnsayo aHistory of Asia uhttps://public.digitaliapublishing.com/a/37380